000 00515nam a22001577a 4500
003 macl
005 20231101150157.0
008 231101b |||||||| |||| 00| 0 eng d
040 _cmacl
082 _a891.433/KHA/N
100 _aखत्री,बाबू देवकीनन्‍दन
245 _aचन्‍द्रकांता संतति 1
260 _aदिल्‍ली
_bडायमंंड बुक्‍स
_c2020
650 _aउपन्‍यास
942 _2ddc
_cHIN
999 _c66295
_d66295